000 00894cam a22002415i 4500
001 85176
003 BD-RjUL
005 20250710153345.0
008 250609s 195?pk b 000 0 urd
035 _a(BD-RjUL)85176
040 _aDLC
_beng
_erda
_cDLC
041 0 _aurd
_aper
082 _223
_a297.092
_bABF 195?
100 1 _aAbdul Hakim, Caliphah ;;; عبد الحکیم، خليفه
_915876
245 1 0 _aفکر اقبال ;; fikr-i Iqbāl /
_cخليفه عبد الحکیم ;; Caliphah Abdul Hakim
260 _aLahore :
_bBajam i Iqbal ,
_c195?
300 _a765 pages ;
_c23 cm
600 1 0 _aIqbal, Muhammad,
_cSir,
_d1877-1938
_xCriticism and interpretation.
_98392
650 _aUrdu poetry
_v Philosophical themes
_915877
650 _a (اسلامی مفکرین کا تعارف — اقبال)
_915984
942 _2ddc
_cBK
999 _c85176
_d85176